| 000 | 00590cam a2200193ua 4500 | ||
|---|---|---|---|
| 020 | _c90.00 | ||
| 041 |
_aeng _h |
||
| 082 |
_a636.089 _bHAG/IN |
||
| 100 | _aHagan, William arthur . | ||
| 245 |
_aInfection diseases of domestic animals : with special reference to etiology, diagnosis,and biology therapy / _cWilliam arthur Hagan. _hTextual Documents |
||
| 250 |
_a1 / _b. |
||
| 260 |
_aNewyork : _bComstock publishing associates , _c1961. |
||
| 300 | _a1023 ; . | ||
| 365 | _a90.00 | ||
| 504 | _a | ||
| 700 | 1 | _aBruner, Dorsey william . | |
| 942 | _cBK | ||
| 999 |
_c2043 _d2043 |
||